01009nam a2200169Ia 4500008004100000020001500041050002300056100004100079245018800120260003300308300001800341504002900359505034600388650002500734700004000759700004000799120720s1993 mx 000 0 spa d a9684126980 aQD251.2 bF46 1993 aFlores de Labardini, Teresitaeautor aGuía de preguntas y respuestas de química orgánicab : para nivel medio superiorc / Teresita Flores de Labardini, Arcelia Ramirez de Delgado, María Esther del Rey de Paredess aMéxicob : Esfingec, 1993 a347 páginas aBibliografía (p. 347)  aIntroducción al estudio de la química orgánica Alcanos y cicloalcanos Alquenos Alquinos, dienos y polimerización Benceno y sus derivados Derivados halogenados Aminas Alcoholes Fenoles Éteres Ácidos carboxílicos Aldehídos y cetonas Derivados de ácido por sustitución en el grupo carboxilo Ácidos sustituidos Glúcidos  0aQUÍMICA ORGÁNICA aRamirez de Delgado, Arcelia eautor aRey de Paredes, Ma. Esther eautor